| LEADER 00000nam 2200000uu 4500 |
| 001 212684 |
| 003 ULIBM |
| 008 020711s2562 th a 000 0 tha d |
| 020 9786161140564
|
| 041 ^atha
|
| 060 4 ^aWY100 ธ632น 2562
|
| 100 ธีรพร สถิรอังกูร
|
| 245 แนวทางการจัดบริการพยาบาลผู้ป่วยระยะกลาง/^cผู้เรียบเรียง, ธีรพร สถิรอังกูร, สมจิตต์ วงศ์สุวรรณสิริ, พัชรีย์ กลัดจอมพงษ์
|
| 250 พิมพ์ครั้งที่ 1
|
| 260 นนทบุรี :^bกองการพยาบาล สำนักงานปลัดกระทรวงสาธารณสุข,^c2562
|
| 300 163 หน้า :^bภาพประกอบ ;^c21 ซม.
|
| 650 4 ^aการพยาบาล, การบริการ
|
| 650 4 ^aการจัดบริการพยาบาล
|
| 650 4 ^aผู้ป่วยระยะกลาง
|
| 650 4 ^aผู้ป่วย^xการดูแล
|
| 700 0 ^aสมจิตต์ วงศ์สุวรรณสิริ
|
| 700 0 ^aพัชรีย์ กลัดจอมพงษ์
|
| 710 2 ^aสำนักงานปลัดกระทรวงสาธารณสุข. กองการพยาบาล
|
| 999 ^aใช้งานได้ทุกระบบ
|